[Event "Euskadi tch DH"]
[Site ""]
[Date "2012.02.25"]
[Round "7.1"]
[White "Garbisu De Goñi, Unai"]
[Black "Angulo Martinez, Jon"]
[Result "1-0"]
[WhiteElo "2450"]
[BlackElo "2202"]

1.e4 c5 2.Nf3 Nc6 3.d4 cxd4 4.Nxd4 Nf6 5.Nc3 e5 6.Ndb5 d6 7.Bg5 a6 8.Na3 
b5 9.Nd5 Be7 10.Bxf6 Bxf6 11.c4 b4 12.Nc2 Rb8 13.g3 O-O 14.b3 Bg5 15.h4 
Bh6 16.Bh3 Be6 17.Kf1 a5 18.Qd3 Ne7 19.Nxe7+ Qxe7 20.a3 Rb6 21.axb4 axb4 
22.Kg2 g6 23.h5 Bg5 24.Bxe6 Qxe6 25.hxg6 fxg6 26.Ra7 Rf7 27.Rha1 h5 28.
Rxf7 Qxf7 29.Ra4 Qb7 30.Ra5 Qc6 31.Ra7 Rb7 32.Ra4 Qc5 33.Qd5+ Qxd5 34.exd5
Kf7 35.Rxb4 Rxb4 36.Nxb4 Bd2 37.Nc2 Kf6 38.Kf3 g5 39.b4 Kf5 40.Ke2 Bc3 41.
Kd3 Bd4 42.Nxd4+ exd4 43.c5 dxc5 44.bxc5 Ke5 45.c6 Kd6 46.Kxd4 h4 47.gxh4 
1-0

[Event "Euskadi tch DH"]
[Site ""]
[Date "2012.02.25"]
[Round "7.1"]
[White "Diaz Herrero, Alvaro"]
[Black "Rebole Arbea, Jose Ignacio"]
[Result "1/2-1/2"]
[WhiteElo "2132"]
[BlackElo "2192"]

1.e4 c5 2.Nf3 Nc6 3.d4 cxd4 4.Nxd4 e5 5.Nb5 d6 6.N1c3 a6 7.Na3 b5 8.Nd5 
Nce7 9.c4 Nxd5 10.exd5 bxc4 11.Nxc4 Nf6 12.Be3 Rb8 13.Be2 Be7 14.a4 O-O 
15.O-O Bb7 16.Nb6 Nd7 17.a5 f5 18.f3 Nxb6 19.Bxb6 Qd7 20.b4 Bd8 21.Be3 Bf6
22.Rb1 Rbc8 23.Qd2 e4 24.fxe4 fxe4 25.Bd4 e3 26.Qd1 Be5 27.Rxf8+ Rxf8 28.
Bg4 Qb5 29.Be6+ Kh8 30.Bxe3 Qc4 31.Bf2 Qa2 32.Be3 Qc4 33.Bf2 Qf4 34.Bg3 
Qe3+ 35.Kh1 Bxg3 36.hxg3 Rf6 37.Rb3 Rh6+ 38.Bh3 Qe4 39.Qf3 Qxd5 40.Kh2 Kg8
41.Rc3 Qb5 42.Qd3 Qxd3 43.Rxd3 Be4 44.Rb3 d5 45.Kg1 Rf6 46.Bg4 Kf8 47.Bf3 
Ke7 48.b5 axb5 49.Bxe4 dxe4 50.Rxb5 Kd6 51.Rb6+ Kc5 52.Rxf6 gxf6 53.g4 Kb5
54.Kf2 Kxa5 55.Ke3 Kb5 56.Kxe4 Kc5 57.Kf5 Kd4 58.Kxf6 Ke4 59.Kg5 Ke3 60.
Kh5 Kf4 61.g5 Kg3 62.Kh6 Kh4 63.g3+ Kg4 1/2-1/2

[Event "Euskadi tch DH"]
[Site ""]
[Date "2012.02.25"]
[Round "7.1"]
[White "Navarrete Delgado, Sergio"]
[Black "Miguelez Garcia, Erlantz"]
[Result "1-0"]
[WhiteElo "2227"]
[BlackElo "2022"]

1.e4 c6 2.d4 d5 3.Nc3 dxe4 4.Nxe4 Bf5 5.Ng3 Bg6 6.Bc4 e6 7.N1e2 Nf6 8.h4 
h6 9.Nf4 Bh7 10.Qe2 Nd5 11.Nxd5 cxd5 12.Bd3 Bxd3 13.Qxd3 Nc6 14.c3 Bd6 15.
Nh5 O-O 16.Qf3 Ne7 17.Qg4 Ng6 18.Nxg7 Kxg7 19.h5 Rh8 20.hxg6 f5 21.Qh5 Qf6
22.Bxh6+ Kg8 23.Rh4 Bf8 24.Bg5 Rxh5 25.Bxf6 Rxh4 26.Bxh4 Kg7 27.Ke2 Kxg6 
28.Bg3 Bh6 29.Be5 Rc8 30.Rh1 Rc6 31.Kd3 Ra6 32.a3 b5 33.Bb8 Ra4 34.Bd6 Rc4
35.Bc5 Ra4 36.Re1 Kf7 37.g4 fxg4 38.Rg1 Ra6 39.Rxg4 Bc1 40.Kc2 Bh6 41.Rg1 
Bf4 42.Rh1 Kg6 43.Rh8 Kf5 44.Rh7 Ke4 45.Bxa7 Kf3 46.Rf7 Ke4 47.Bc5 Ra8 48.
Re7 Kf5 49.f3 Bg3 50.Rf7+ Kg6 51.Rb7 Rb8 52.Rxb8 Bxb8 53.Kb3 Bf4 54.Kb4 
Bc1 55.Kxb5 Bxb2 56.a4 1-0

[Event "Euskadi tch DH"]
[Site ""]
[Date "2012.02.25"]
[Round "7.1"]
[White "Sanz Rodero, Mikel"]
[Black "Mombiela Martinez, Gonzalo"]
[Result "1/2-1/2"]
[WhiteElo "2045"]
[BlackElo "2091"]

1.e4 d5 2.exd5 Nf6 3.Nf3 Nxd5 4.d4 g6 5.Be2 Bg7 6.O-O O-O 7.c4 Nb6 8.h3 
N8d7 9.Bg5 Nf6 10.Nc3 c6 11.Rc1 h6 12.Bf4 Bf5 13.g4 Be6 14.b3 g5 15.Be5 {
(ilegible)} 1/2-1/2

[Event "Euskadi tch DH"]
[Site ""]
[Date "2012.02.25"]
[Round "7.2"]
[White "Ruiz Gomez, Alejandro"]
[Black "Alonso Arburu, Juan Ignacio"]
[Result "0-1"]
[WhiteElo "2413"]
[BlackElo "2364"]

1.Nf3 Nf6 2.g3 g6 3.Bg2 Bg7 4.O-O O-O 5.d4 d6 6.a4 c6 7.a5 Qc7 8.Re1 h6 9.
e4 e5 10.h3 Kh7 11.c4 c5 12.dxe5 dxe5 13.Nc3 Nc6 14.Nb5 Qe7 15.Qd6 Qxd6 
16.Nxd6 Ne8 17.Nb5 Be6 18.b3 Rc8 19.Be3 a6 20.Nc3 Nd4 21.Bxd4 cxd4 22.Nd5 
Nd6 23.Nb6 Rc7 24.h4 Re8 25.Kh2 Nc8 26.Na4 Bd7 27.Bh3 f5 28.h5 gxh5 29.Nh4
f4 30.Bxd7 Rxd7 31.Nc5 Rf7 32.Nf5 fxg3+ 33.fxg3 Bf8 34.Nd3 Nd6 35.Nxd6 
Bxd6 36.Rf1 Ref8 37.Rxf7+ Rxf7 38.Kg2 Kg6 39.Rc1 Rf6 40.c5 Bc7 41.Rc4 h4 
42.gxh4 Bxa5 43.Nxe5+ Kh5 44.b4 Bc7 45.Nd3 Rg6+ 46.Kf2 Bh2 47.e5 Bg1+ 48.
Kf3 Kxh4 49.Nf4 Rg3+ 50.Ke4 Kg4 51.Nd5 Rg2 52.Rc1 Bh2 53.Kxd4 Rd2+ 54.Ke4 
Re2+ 55.Ne3+ Rxe3+ 56.Kxe3 Bf4+ 0-1

[Event "Euskadi tch DH"]
[Site ""]
[Date "2012.02.25"]
[Round "7.2"]
[White "Cruz-Lopez Claret, Carlos"]
[Black "Iruzubieta Villaluenga, Jesus M"]
[Result "1/2-1/2"]
[WhiteElo "2334"]
[BlackElo "2391"]

1.d4 d5 2.c4 c6 3.Nc3 Nf6 4.e3 a6 5.Nf3 b5 6.b3 Bg4 7.Be2 e6 8.O-O Nbd7 9.
h3 Bh5 10.Bb2 Be7 11.Ne5 Bxe2 12.Nxe2 Nxe5 13.dxe5 Nd7 14.cxd5 cxd5 15.Nf4
O-O 1/2-1/2

[Event "Euskadi tch DH"]
[Site ""]
[Date "2012.02.25"]
[Round "7.2"]
[White "Limeres Guiance, Cristobal"]
[Black "Muñoz Perez, Ivan"]
[Result "0-1"]
[WhiteElo "2209"]
[BlackElo "2291"]

1.d4 Nf6 2.c4 g6 3.Nc3 Bg7 4.e4 d6 5.Nge2 O-O 6.Ng3 e5 7.d5 c6 8.Be2 cxd5 
9.cxd5 Nbd7 10.O-O h5 11.Bg5 Qb6 12.Qd2 Nc5 13.Rab1 a5 14.Rfc1 Bd7 15.h3 
Rfc8 16.Kh1 Nh7 17.Bh6 Qd8 18.Kh2 h4 19.Nh1 b5 20.f3 b4 21.Nd1 Bxh6 22.
Qxh6 Qf6 23.Qe3 Qf4+ 24.Qxf4 exf4 25.Nhf2 Ra7 26.Nd3 Nxd3 27.Rxc8+ Bxc8 
28.Bxd3 {(Ilegible)} 0-1

[Event "Euskadi tch DH"]
[Site ""]
[Date "2012.02.25"]
[Round "7.2"]
[White "Serras Uria, Antonio"]
[Black "Gete Rodriguez, Isidro"]
[Result "1-0"]
[WhiteElo "2191"]
[BlackElo "2146"]

1.Nf3 Nf6 2.g3 d5 3.c4 c6 4.cxd5 cxd5 5.Bg2 Nc6 6.O-O e5 7.d4 e4 8.Ne1 Be6
9.Nc3 Qd7 10.Bg5 Be7 11.Nc2 h6 12.Bxf6 Bxf6 13.e3 Rc8 14.f3 exf3 15.Qxf3 
Ne7 16.Nb4 Bg4 17.Qf2 Be6 18.Nd3 O-O 19.Nf4 g6 20.Qf3 Bg5 21.h4 Bxf4 22.
Qxf4 Kh7 23.h5 g5 24.Qf6 Rc6 25.Qe5 Qc7 26.e4 Qxe5 27.dxe5 d4 28.Nd5 Ng8 
29.Rad1 Rc2 30.Rxd4 Rxb2 31.Nc7 Bxa2 32.e6 Rb6 33.Bh3 Rb1 34.Rxb1 Bxb1 35.
Bf5+ Kg7 36.Rb4 Bxe4 37.Bxe4 Rc8 38.Rxb7 fxe6 39.Ne8+ Kf8 40.Nd6 Rc1+ 41.
Kf2 Ne7 42.Rxa7 Rd1 43.Rd7 Nd5 44.Rf7+ Kg8 45.Bh7+ Kh8 46.Ne4 Rh1 47.Bg6 
Rh2+ 48.Kg1 Re2 49.Nf6 Nxf6 50.Rxf6 Kg7 51.Rf7+ Kg8 52.Kf1 Rb2 53.Re7 Rb6 
54.Kf2 Rb3 55.Rxe6 Kg7 56.g4 Rb4 57.Bf5 Rf4+ 58.Ke3 Rf1 59.Rg6+ Kh7 60.
Rxg5+ Kh8 61.Rg6 Kh7 62.Bd3 Rd1 63.Be4 Rg1 64.Kf4 Re1 65.Bf5 Rf1+ 66.Ke5 
Re1+ 67.Kf6 Ra1 68.Rg7+ Kh8 69.Rh7+ Kg8 70.Rxh6 Ra6+ 71.Kg5 1-0

[Event "Euskadi tch DH"]
[Site ""]
[Date "2012.02.25"]
[Round "7.4"]
[White "Vachier-Lagrave, Maxime"]
[Black "Ponomariov, Ruslan"]
[Result "1/2-1/2"]
[WhiteElo "2699"]
[BlackElo "2727"]

1.d4 Nf6 2.c4 e6 3.Nc3 Bb4 4.e3 O-O 5.Bd3 c5 6.Ne2 d5 7.cxd5 cxd4 8.exd4 
Nxd5 9.O-O Nc6 10.Nxd5 exd5 11.Nf4 Bd6 12.Re1 g6 13.a3 Ne7 14.Qf3 b6 15.
Bd2 Qd7 16.h3 Bb7 17.Nh5 f5 18.Nf4 Rfe8 19.Re3 Kf8 20.Rae1 Ng8 21.Qg3 Rxe3
22.Qxe3 Be7 23.h4 Bf6 24.Qh3 Re8 25.Rxe8+ Qxe8 26.h5 Kg7 27.hxg6 hxg6 28.
Qg3 Bc8 29.Be3 Qf7 30.Nh5+ Kh7 31.Qb8 Qb7 32.Nxf6+ Nxf6 33.Qd6 Kg7 34.Bg5 
Ne4 35.Bxe4 fxe4 36.Qf6+ Kg8 37.Qxg6+ Qg7 38.Qe8+ Qf8 39.Qg6+ Qg7 40.Qh5 
Qf7 41.Qh4 Qg7 42.Bf4 Be6 43.Be5 Qg4 44.Qh8+ Kf7 45.Qh7+ Ke8 46.Bf6 Bf7 
47.Qh8+ Kd7 48.Qd8+ Kc6 49.a4 Qd7 50.Qa8+ Qb7 51.Qf8 Be6 52.b4 Qc8 53.b5+ 
Kb7 54.Qe7+ Qd7 55.Qf8 Qc8 56.Qg7+ Qd7 57.Qf8 Qc8 58.Qg7+ Qd7 59.Qg3 a6 
60.bxa6+ Kxa6 61.Qb8 Qc8 62.Qxc8+ Bxc8 63.Kf1 1/2-1/2

[Event "Euskadi tch DH"]
[Site ""]
[Date "2012.02.25"]
[Round "7.4"]
[White "Gonzalez De La Torre, Santiago"]
[Black "Romero Holmes, Alfonso"]
[Result "0-1"]
[WhiteElo "2441"]
[BlackElo "2501"]

1.e4 c5 2.Nf3 g6 3.d4 cxd4 4.Nxd4 Bg7 5.c4 Qb6 6.Nb3 Nc6 7.Be2 d6 8.O-O 
Qc7 9.Bd2 Bxb2 10.Nc3 Bxc3 11.Bxc3 Nf6 12.Qc1 b6 13.Qh6 Bb7 14.Rac1 O-O-O 
15.a4 e5 16.Bf3 a5 17.Bd2 Nd7 18.Bg4 Kb8 19.Bxd7 Rxd7 20.Rb1 f5 21.Qe3 f4 
22.Qd3 Rf8 23.Rb2 Ka7 24.Rfb1 Ba6 25.Na1 Rb8 26.Nc2 Rdd8 27.h3 Ne7 28.Na3 
d5 29.exd5 Rxd5 30.Qf3 Rc5 31.Rb5 Nc6 32.Qe4 Nd4 33.R5b2 f3 34.Be3 Ne2+ 
35.Kh2 Nc3 36.Qxf3 Nxb1 37.Bxc5 bxc5 38.Rxb1 Rxb1 39.Nxb1 e4+ 40.Qg3 Qxg3+
41.Kxg3 Bxc4 42.Nc3 Kb6 43.h4 Bd3 44.Kf4 c4 45.Nxe4 Bxe4 46.Kxe4 Kc5 47.
Ke3 Kb4 48.Kd2 Kb3 49.Kc1 Kxa4 50.g4 Kb3 0-1

[Event "Euskadi tch DH"]
[Site ""]
[Date "2012.02.25"]
[Round "7.4"]
[White "Van Wely, Loek"]
[Black "Istratescu., Andrei"]
[Result "1-0"]
[WhiteElo "2692"]
[BlackElo "2628"]

1.d4 e6 2.Nf3 c5 3.c4 cxd4 4.Nxd4 Nf6 5.Nc3 Nc6 6.a3 Bc5 7.Nb3 Be7 8.e4 
O-O 9.Be2 b6 10.O-O Ba6 11.f4 d6 12.Be3 Rc8 13.Rc1 Re8 14.Kh1 Bf8 15.Bg1 
g6 16.Nd2 Bb7 17.b4 Bh6 18.g4 Bf8 19.g5 Nd7 20.Bf3 h6 21.gxh6 Bxh6 22.Bg2 
Nf6 23.Ne2 Nh5 24.Rc3 a5 25.b5 Nb8 26.Rd3 Qc7 27.Rh3 Nd7 28.Rxh5 gxh5 29.
Ng3 Nf6 30.Nxh5 Nxh5 31.Qxh5 Bg7 32.Rf3 f5 33.Rg3 Qf7 34.Qg5 fxe4 35.Bxb6 
Kf8 36.Bxa5 Bf6 37.Qg4 Ke7 38.Qe2 Rg8 39.Nxe4 Rxg3 40.Nxg3 Bxg2+ 41.Kxg2 
Qh7 42.Bb4 Rh8 43.Kf3 Bh4 44.Qe4 Bxg3 45.Qb7+ Kf6 46.Qxh7 Rxh7 47.hxg3 Ke7
48.c5 dxc5 49.Bxc5+ Kd7 50.g4 Rh1 51.g5 Rb1 52.Bb4 Rd1 53.Ke4 Rd5 54.g6 
Ke8 55.a4 Rd1 56.b6 Kd7 57.b7 Rg1 58.Bc3 1-0

[Event "Euskadi tch DH"]
[Site ""]
[Date "2012.02.25"]
[Round "7.4"]
[White "Del Rio De Angelis, Salvador G"]
[Black "Franco Alonso, Alejandro"]
[Result "0-1"]
[WhiteElo "2531"]
[BlackElo "2449"]

1.d4 d5 2.c4 e6 3.Nc3 Be7 4.cxd5 exd5 5.Bf4 c6 6.e3 Bf5 7.g4 Be6 8.h4 Nd7 
9.g5 Nb6 10.Qc2 Bd6 11.Bxd6 Qxd6 12.Nf3 Ne7 13.Bd3 h6 14.Rg1 hxg5 15.Rxg5 
g6 16.O-O-O O-O-O 17.Ne2 Kb8 18.Nf4 Nd7 19.Kb1 Nf6 20.Rh1 Rdf8 21.Ne5 Nd7 
22.Nxd7+ Bxd7 23.h5 Rh6 24.Rhg1 gxh5 25.Nxh5 f6 0-1

[Event "Euskadi tch DH"]
[Site ""]
[Date "2012.02.25"]
[Round "7.5"]
[White "Lakunza Oyarbide, Juan Carlos"]
[Black "Cramling, Pia"]
[Result "0-1"]
[WhiteElo "2111"]
[BlackElo "2491"]

1.d4 Nf6 2.c4 e6 3.Nf3 Bb4+ 4.Bd2 a5 5.g3 d6 6.Bg2 Nbd7 7.O-O e5 8.Bg5 
exd4 9.Nxd4 O-O 10.Qc2 h6 11.Bc1 Re8 12.Nc3 Nb6 13.b3 c6 14.Bb2 d5 15.Rfd1
Bd6 16.a3 Bf8 17.cxd5 cxd5 18.Re1 a4 19.Ncb5 axb3 20.Qxb3 {(Ilegible)} 0-1

[Event "Euskadi tch DH"]
[Site ""]
[Date "2012.02.25"]
[Round "7.5"]
[White "Huerga Leache, Mikel"]
[Black "Sanz Perez, Eduardo"]
[Result "1-0"]
[WhiteElo "2436"]
[BlackElo "2132"]

1.e4 e6 2.d4 d5 3.Nd2 c5 4.Ngf3 cxd4 5.Nxd4 Nf6 6.exd5 Qxd5 7.Nb5 Na6 8.
Nc3 Qe5+ 9.Be2 Bb4 10.O-O Bxc3 11.Nc4 Qc7 12.Nd6+ Ke7 13.Nb5 Qe5 14.bxc3 
Rd8 15.Ba3+ Nc5 16.Qe1 a6 17.Nd4 Ke8 18.Bb5+ 1-0

[Event "Euskadi tch DH"]
[Site ""]
[Date "2012.02.25"]
[Round "7.5"]
[White "Valdezate Suarez, Fernando"]
[Black "Montolio Benedicto, Cesar"]
[Result "1/2-1/2"]
[WhiteElo "1992"]
[BlackElo "1967"]

1.d4 Nf6 2.c4 g6 3.Nc3 Bg7 4.e4 d6 5.Nf3 O-O 6.Be2 e5 7.Be3 Ng4 8.Bg5 f6 
9.Bh4 Nh6 10.O-O Nf7 11.dxe5 dxe5 12.Qxd8 Nxd8 13.Nd5 Na6 14.Nd2 c6 15.
Ne7+ Kf7 16.Nxc8 Rxc8 17.f3 Ne6 18.Rfd1 Nd4 19.Bf1 Nc2 20.Rab1 Ne3 21.Re1 
Nxf1 22.Nxf1 Rfd8 23.Bf2 b6 24.Red1 Bf8 25.a3 Bc5 26.Ne3 1/2-1/2

[Event "Euskadi tch DH"]
[Site ""]
[Date "2012.03.03"]
[Round "8.1"]
[White "Franco Alonso, Alejandro"]
[Black "Hernandez, Elvis"]
[Result "1/2-1/2"]
[WhiteElo "2449"]
[BlackElo "2305"]

1.c4 e6 2.g3 Nf6 3.Bg2 d5 4.Nf3 c5 5.O-O Nc6 6.d4 dxc4 7.Ne5 Nxe5 8.dxe5 
Nd7 9.f4 Rb8 10.a4 a6 11.a5 Be7 12.Qc2 O-O 13.Nd2 b5 14.axb6 Nxb6 15.Be4 
g6 16.Rf3 Kg7 17.Kg2 Qd4 18.Rc3 Rd8 19.Bc6 Bd7 20.Bxd7 Qxd7 21.Nxc4 Qb7+ 
1/2-1/2

[Event "Euskadi tch DH"]
[Site ""]
[Date "2012.03.03"]
[Round "8.2"]
[White "Lakunza Oyarbide, Juan Carlos"]
[Black "Gonzalez de la Torre, Santiago"]
[Result "0-1"]
[WhiteElo "2111"]
[BlackElo "2440"]

1.Nf3 c5 2.c4 Nf6 3.g3 d5 4.cxd5 Nxd5 5.Bg2 Nc6 6.Nc3 Nc7 7.b3 e5 8.Bb2 
Be7 9.Rc1 f6 10.O-O O-O 11.d3 Bg4 12.h3 Be6 13.Na4 b6 14.a3 Qd7 15.Kh2 Na5
16.Nd2 Nxb3 17.Nxb6 axb6 18.Nxb3 Ra4 19.Qc2 Bd5 20.Bxd5+ Nxd5 21.Nd2 Kh8 
22.Qb3 Bd8 23.Rc4 Rxc4 24.Nxc4 b5 25.Nd2 Bb6 26.Ne4 Rc8 27.Rc1 h6 28.Kg2 
Qc6 29.Kg1 c4 30.dxc4 bxc4 31.Qf3 Qb5 32.Bxe5 fxe5 33.Nd6 Qb2 34.Rd1 Qb3 
35.Rxd5 Qxf3 36.exf3 c3 37.Rd1 c2 38.Rc1 Rc5 39.Ne4 Rc6 40.Kf1 Bd4 41.Ke2 
Bb2 42.Kd2 Bxc1+ 43.Kxc1 Kh7 44.a4 Kg6 45.a5 Kf5 46.a6 Rxa6 47.Kxc2 Ra3 
48.Nd2 g5 49.Kd1 Ra1+ 50.Ke2 Rh1 51.Nc4 Rxh3 52.Ne3+ Ke6 53.g4 e4 54.fxe4 
Ke5 55.Nf5 Kxe4 0-1

[Event "Euskadi tch DH"]
[Site ""]
[Date "2012.03.03"]
[Round "8.3"]
[White "Argandoña Riveiro, Iñigo"]
[Black "Segovia Sanchez, Antonio"]
[Result "1-0"]
[WhiteElo "2388"]
[BlackElo "2051"]

1.c4 Nf6 2.Nc3 e5 3.Nf3 Nc6 4.g3 d6 5.Bg2 Be7 6.O-O O-O 7.b3 Re8 8.d4 a6 
9.d5 Nb8 10.Ne1 Bf5 11.e4 Bg4 12.f3 Bh5 13.Be3 Nbd7 14.Qd2 h6 15.Nd3 Nh7 
16.h4 Bg6 17.Bh3 Rf8 18.Kg2 f5 19.h5 Bxh5 20.Bxf5 Bg5 21.Bxh7+ Kxh7 22.
Bxg5 hxg5 23.Rh1 1-0

[Event "Euskadi tch DH"]
[Site ""]
[Date "2012.03.03"]
[Round "8.4"]
[White "Montolio Benedicto, Cesar"]
[Black "Martin Alvarez, Inigo"]
[Result "0-1"]
[WhiteElo "1967"]
[BlackElo "2265"]

1.e4 d6 2.d4 g6 3.c4 e5 4.dxe5 dxe5 5.Qxd8+ Kxd8 6.Nf3 f6 7.Nc3 Be6 8.Be3 
Nd7 9.Be2 a5 10.O-O Bc5 11.Bxc5 Nxc5 12.Nd2 c6 13.f4 exf4 14.Rxf4 Kc7 15.
Rff1 Rd8 16.Rad1 h6 17.Nf3 Rxd1 18.Rxd1 Rh7 19.Nd4 Re7 20.Nxe6+ Rxe6 21.
Bf3 Ne7 22.Kf2 Nc8 23.b3 Nd6 24.Rd4 Re8 25.g3 a4 26.b4 Ne6 27.Rd1 Nxc4 28.
Nxa4 Ne5 29.Nc3 Ng5 30.Be2 Nef7 31.Bf3 Nd6 32.Rd4 b5 33.h4 Ne6 34.Rd2 Ra8 
35.Rc2 Nd4 36.Rc1 Ra3 37.Ke3 Nxf3 38.Kxf3 Nc4 39.Kf4 Kd6 40.h5 g5+ 41.Kf5 
Ke7 42.Kg6 Ne5+ 43.Kxh6 Kf7 44.Rc2 Kg8 45.Rc1 Ra7 0-1

[Event "Euskadi tch DH"]
[Site ""]
[Date "2012.03.03"]
[Round "8.1"]
[White "Salinero De Prado, Juan M"]
[Black "Conquest, Stuart"]
[Result "0-1"]
[WhiteElo "2141"]
[BlackElo "2531"]

1.d4 Nf6 2.Nf3 g6 3.g3 c5 4.Bg2 cxd4 5.O-O Bg7 6.Nxd4 Nc6 7.c4 h5 8.Nc3 h4
9.Nxc6 bxc6 10.e4 h3 11.Bf3 O-O 12.Re1 Rb8 13.e5 Nh7 14.Qd4 Qa5 15.Qh4 Re8
16.Qxh3 d5 17.Qf1 Rd8 18.cxd5 cxd5 19.a3 Ba6 20.Be2 Bb7 21.b4 Qc7 22.Nb5 
Qb6 23.e6 Bxa1 24.exf7+ Kxf7 25.Qh3 Nf6 26.Bf4 Rh8 27.Qg2 d4 28.Bc4+ Kf8 
29.f3 Rc8 30.Re6 Qd8 31.Qe2 Rxc4 32.Qxc4 Bd5 33.Rxf6+ exf6 34.Qc5+ Kg8 35.
Bd6 Bf7 36.Nc7 d3 0-1

[Event "Euskadi tch DH"]
[Site ""]
[Date "2012.03.03"]
[Round "8.2"]
[White "Del Rio De Angelis, Salvador G"]
[Black "Fernandez, G"]
[Result "1-0"]
[WhiteElo "2531"]
[BlackElo "2176"]

1.d4 Nf6 2.c4 c5 3.d5 e5 4.Nc3 d6 5.e4 g6 6.Nf3 Bg7 7.Be2 O-O 8.Bg5 h6 9.
Bh4 Na6 10.O-O g5 11.Bg3 Nh5 12.Ne1 Nf4 13.Bg4 Qb6 14.Bxc8 Raxc8 15.Nc2 
Nc7 16.Rb1 Qa6 17.Ne3 b5 18.cxb5 Nxb5 19.Nxb5 Qxb5 20.Nf5 Qd7 21.h4 Rb8 
22.hxg5 hxg5 23.Qg4 Qd8 24.Rfe1 Qf6 25.Re3 Rb7 26.Bxf4 exf4 27.Rh3 Qd8 28.
Qh5 1-0

[Event "Euskadi tch DH"]
[Site ""]
[Date "2012.03.03"]
[Round "8.3"]
[White "Garrido Legarreta, Jose Javier"]
[Black "Romero Holmes, Alfonso"]
[Result "0-1"]
[WhiteElo "2063"]
[BlackElo "2501"]

1.e4 c5 2.Nf3 d6 3.d4 cxd4 4.Nxd4 Nf6 5.Nc3 g6 6.Be3 Bg7 7.f3 Nbd7 8.Qd2 
h5 9.Bc4 a6 10.O-O-O b5 11.Bb3 Bb7 12.Kb1 Rc8 13.Nd5 Nxd5 14.Bxd5 Qc7 15.
Bxb7 Qxb7 16.Ne2 Ne5 17.Bd4 Nc4 18.Qd3 e5 19.Bf2 b4 20.f4 exf4 21.Bd4 Na3+
22.Ka1 Nxc2+ 23.Kb1 Nxd4 24.Nxd4 O-O 25.Rhf1 Rfe8 26.Rxf4 Bh6 27.Rf6 Qxe4 
28.Qxe4 Rxe4 29.Rxd6 Bf4 30.Rd7 Bxh2 31.a3 bxa3 32.bxa3 Be5 33.Nf3 Rb8+ 
34.Kc2 Rc4+ 35.Kd3 Rc3+ 36.Ke4 Bf6 37.R1d6 Re8+ 38.Kd5 Kg7 39.Ra7 Rxa3 40.
Rdxa6 Rxa6 41.Rxa6 Re2 0-1

[Event "Euskadi tch DH"]
[Site ""]
[Date "2012.03.03"]
[Round "8.4"]
[White "Gomez Esteban, Mario"]
[Black "Martinez Pelaez, David"]
[Result "1-0"]
[WhiteElo "2471"]
[BlackElo "1987"]

1.d4 d5 2.c4 e6 3.Nc3 Nf6 4.Bg5 Be7 5.e3 Nbd7 6.Nf3 O-O 7.Qc2 c6 8.Rd1 Re8
9.Bd3 dxc4 10.Bxc4 Nd5 11.Bxe7 Qxe7 12.O-O Nxc3 13.Qxc3 b6 14.e4 Bb7 15.
Rfe1 Rac8 16.h3 Red8 17.b4 c5 18.bxc5 bxc5 19.Qa3 Nb6 20.Bf1 Ba8 21.Rc1 
Rc7 22.Rxc5 Rxd4 23.Rxc7 Qxa3 24.Nxd4 g6 25.Nb5 Qxa2 26.Rxa7 Qd2 27.Re3 
Bc6 28.Rd3 Qe1 29.Rd8+ Kg7 30.Nd6 Bxe4 31.Rxf7+ Kh6 32.Rh8 g5 33.Rf6+ Kg7 
34.Ne8+ 1-0

[Event "Euskadi tch DH"]
[Site ""]
[Date "2012.03.03"]
[Round "8.5"]
[White "Garbisu De Goñi, Unai"]
[Black "Ruiz Gomez, Alejandro"]
[Result "1-0"]
[WhiteElo "2450"]
[BlackElo "2413"]

1.e4 e5 2.Nf3 Nc6 3.Bb5 a6 4.Ba4 Nf6 5.O-O Nxe4 6.d4 b5 7.Bb3 d5 8.dxe5 
Be6 9.c3 Be7 10.Nbd2 Nc5 11.Bc2 d4 12.cxd4 Nxd4 13.Nxd4 Qxd4 14.Nf3 Qxd1 
15.Rxd1 O-O 16.Nd4 Rfd8 17.Be3 Bd5 18.Nf5 Bf8 19.Nd6 cxd6 20.Rxd5 Ne6 21.
exd6 Rxd6 22.Rad1 Rxd5 23.Rxd5 Rc8 24.Bd3 Bc5 25.Bd2 Bd4 26.b3 Bc3 27.Be3 
Rd8 28.Rxd8+ Nxd8 29.a4 bxa4 30.bxa4 a5 31.Kf1 Nc6 32.Ke2 g6 33.Be4 Ne5 
34.f4 Ng4 35.Bg1 Kf8 36.Kd3 Be1 37.Bf3 Nf6 38.Kc4 Ke7 39.Kb5 Ne8 40.Kc6 
Nf6 41.Bc5+ Ke6 42.Bb6 Ne8 43.Bd5+ Kf6 44.Kd7 1-0

[Event "Euskadi tch DH"]
[Site ""]
[Date "2012.03.03"]
[Round "8.5"]
[White "Iruzubieta Villaluenga, Jesus M"]
[Black "Rebole Arbea, Jose Ignacio"]
[Result "1-0"]
[WhiteElo "2391"]
[BlackElo "2192"]

1.d4 f5 2.g3 g6 3.Bg2 Nf6 4.c4 Bg7 5.Nc3 O-O 6.Nh3 d6 7.d5 c5 8.Nf4 Na6 9.
O-O Nc7 10.Rb1 Rb8 11.a4 b6 12.Nb5 a6 13.Na7 Bd7 14.b4 Qe8 15.Nc6 Bxc6 16.
dxc6 Qf7 17.Nd5 Nfxd5 18.cxd5 Bc3 19.bxc5 bxc5 20.Bh6 Rfd8 21.Qd3 Bd4 22.
e3 Bf6 23.Qd2 e5 24.dxe6 Qxe6 25.Bf4 Be5 26.Qa5 Bxf4 27.Rxb8 Rxb8 28.Qxc7 
Rc8 29.Qb7 Be5 30.Bd5 Qxd5 31.Qxc8+ Kg7 32.Qd7+ Kh6 1-0

[Event "Euskadi tch DH"]
[Site ""]
[Date "2012.03.03"]
[Round "8.5"]
[White "Gete Rodriguez, Isidro"]
[Black "Navarrete Delgado, Sergio"]
[Result "1-0"]
[WhiteElo "2146"]
[BlackElo "2227"]

1.d4 d5 2.c4 c6 3.Nf3 Nf6 4.e3 a6 5.Nc3 g6 6.Bd3 Bg7 7.O-O O-O 8.Qb3 dxc4 
9.Bxc4 b5 10.Be2 Nbd7 11.a4 Rb8 12.axb5 cxb5 13.Bd2 Bb7 14.Nb1 Nb6 15.Ba5 
Qd6 16.Nc3 Ng4 17.e4 Nc4 18.Bxc4 bxc4 19.Qxc4 Rfc8 20.Qe2 Qf4 21.h3 Rxc3 
22.Bxc3 Nf6 23.Qe3 Qxe3 24.fxe3 Nxe4 25.Nd2 Nd6 26.Ra5 Bh6 27.Re1 Rc8 28.
Rc5 Re8 29.Rc7 Bd5 30.Ra7 Rc8 31.Rxe7 Be6 32.Kf2 Bg5 33.Ra7 Nb5 34.Rxa6 
Nxc3 35.bxc3 Rxc3 36.Nf3 Rc2+ 37.Kg3 Be7 38.e4 Bc8 39.Raa1 Bb7 40.Ra7 Rb2 
41.Rc1 Bd8 42.Ra3 Kg7 43.d5 Be7 44.Rac3 Bxd5 45.e5 h6 46.R1c2 Rb4 47.Rd2 
Bxf3 48.Kxf3 Bg5 49.Rd7 Rf4+ 50.Kg3 Rf5 51.Rf3 1-0

[Event "Euskadi tch DH"]
[Site ""]
[Date "2012.03.10"]
[Round "9.1"]
[White "Ruiz Gomez, Alejandro"]
[Black "Diaz Herrero, Alvaro"]
[Result "1-0"]
[WhiteElo "2413"]
[BlackElo "2132"]

1.e4 d6 2.d4 e5 3.Ne2 exd4 4.Nxd4 Nf6 5.Nc3 Be7 6.Be2 O-O 7.g4 d5 8.e5 Ne4
9.Nxe4 dxe4 10.Bf4 Bc5 11.c3 Qe8 12.Qc2 Nc6 13.Qxe4 Bxd4 14.cxd4 f5 15.
Bc4+ Kh8 16.Qe3 fxg4 17.Rc1 Be6 18.d5 Qf7 19.dxe6 Qxf4 20.Qxf4 Rxf4 21.Bd5
Nxe5 22.Rxc7 Nf3+ 23.Ke2 Nd4+ 24.Ke3 g5 25.Rhc1 Nf5+ 26.Ke2 Nd4+ 27.Kd3 
Nf5 28.Be4 Rd8+ 29.Rd7 Re8 30.Rcc7 Rxf2 31.Rxh7+ Kg8 32.Rhf7 Rxe6 33.Rxf5 
Rxf5 34.Bxf5 Rd6+ 35.Ke3 Rh6 36.Rc2 Rh3+ 37.Kd4 Rf3 38.Ke5 1-0

[Event "Euskadi tch DH"]
[Site ""]
[Date "2012.03.10"]
[Round "9.1"]
[White "Miguelez Garcia, Erlantz"]
[Black "Iruzubieta Villaluenga, Jesus M"]
[Result "0-1"]
[WhiteElo "2022"]
[BlackElo "2391"]

1.c4 e5 2.Nc3 Nc6 3.g3 g6 4.Bg2 Bg7 5.d3 f5 6.e3 Nf6 7.Nge2 O-O 8.O-O d6 
9.d4 Rb8 10.Qd2 Bd7 11.b3 g5 12.Ba3 e4 13.f3 exf3 14.Rxf3 Qe8 15.c5 d5 16.
b4 Ne7 17.c6 Bxc6 18.b5 Bd7 19.Bc5 b6 20.Bb4 Rf7 21.a4 Be6 22.a5 Qd7 23.
axb6 axb6 24.Qa2 Re8 25.Bxe7 Rfxe7 26.Nc1 Ne4 27.N1e2 Bh6 28.Rff1 Kh8 29.
Nxe4 dxe4 30.Qb2 Bc4 31.Rfc1 Qxb5 32.Qxb5 Bxb5 33.Nc3 Bc6 34.Ra7 Ra8 35.
Rca1 Rxa7 36.Rxa7 Bf8 37.d5 Be8 38.g4 fxg4 39.Nxe4 b5 40.Nf6 Bg6 41.Ra8 
Kg7 42.e4 Kxf6 43.Rxf8+ Ke5 44.Rb8 Bxe4 45.Rxb5 Bxg2 46.Kxg2 Kf4 47.Rb4+ 
Re4 48.Rb2 h5 49.Rc2 Re7 50.Rc6 h4 51.Rf6+ Ke5 52.Rg6 Kf4 53.Rg8 Rd7 54.
Rf8+ Ke4 55.Re8+ Kd4 56.Rc8 Kc5 57.Kf2 Kxd5 58.Rg8 Rf7+ 0-1

[Event "Euskadi tch DH"]
[Site ""]
[Date "2012.03.10"]
[Round "9.1"]
[White "Limeres Guiance, Cristobal"]
[Black "Sanz Rodero, Mikel"]
[Result "1/2-1/2"]
[WhiteElo "2209"]
[BlackElo "2045"]

1.d4 Nf6 2.c4 e6 3.Nc3 Bb4 4.e3 d5 5.a3 Bxc3+ 6.bxc3 O-O 7.Bd3 b6 8.cxd5 
exd5 9.Ne2 Bb7 10.O-O Nbd7 11.Ng3 c5 12.a4 Qc7 13.Bb2 Rfe8 14.Rc1 c4 15.
Bb1 a6 16.Ba3 b5 17.axb5 axb5 18.Bb4 Nb8 19.Nf5 Nc6 20.Bd6 Qd8 21.Bf4 Re6 
22.Qf3 Ne7 23.Bg5 Nxf5 24.Bxf5 Rb6 25.Ra1 Ra4 26.Rfb1 Rxa1 27.Rxa1 Qe8 28.
Rb1 Qa8 29.h3 Ne4 30.Bxe4 dxe4 31.Qg3 h6 32.Bh4 {(Ilegible)} 1/2-1/2

[Event "Euskadi tch DH"]
[Site ""]
[Date "2012.03.10"]
[Round "9.1"]
[White "Zabala Perez, Aritz"]
[Black "Gete Rodriguez, Isidro"]
[Result "1-0"]
[WhiteElo "1968"]
[BlackElo "2146"]

1.d4 d5 2.Nf3 c6 3.g3 Nf6 4.Bg2 Bg4 5.O-O e6 6.c4 dxc4 7.Ne5 Bh5 8.Nc3 Be7
9.Nxc4 O-O 10.Qb3 b5 11.Ne5 Qxd4 12.Nxc6 Nxc6 13.Bxc6 b4 14.Bxa8 Rxa8 15.
Be3 Qd7 16.Rfd1 Qe8 17.Nb1 Bxe2 18.Re1 Bb5 19.Nd2 a5 20.a4 Bc6 21.Nc4 Bb7 
22.Nd2 Qc6 23.f3 Nd5 24.Rac1 Qe8 25.Bf2 Bg5 26.f4 Bf6 27.Ne4 Bc6 28.Nc5 
Be7 29.Nxe6 fxe6 30.Rxe6 Bb7 31.Rc7 Qf7 32.Rexe7 Nxe7 33.Qxf7+ Kxf7 34.
Rxb7 Ke6 35.Bc5 Nc6 36.Rxg7 Rd8 37.Rxh7 Rd1+ 38.Kf2 Rd2+ 39.Ke3 Rxb2 40.
Ke4 Re2+ 41.Kd3 b3 42.Rb7 b2 43.Kxe2 Nb4 44.Re7+ Kf5 45.g4+ Kg6 46.f5+ Kg5
47.Be3+ Kh4 1-0